Slovensko je od začiatku júla členom Európskej patentovej organizácie
Nový zákon o Úrade priemyselného vlastníctva SR si počká na nový parlament. Zákon sa v súčasnosti nachádza v legislatívnom procese. Fungovanie na princípe samofinancovania. Kľúčom k efektívnosti je stupeň nezávislosti patentového úradu. Európska skupina ochrancov patentov. Priemyselnoprávna ochrana.
Gespeichert in:
| 1. Verfasser: | |
|---|---|
| Format: | Buchkapitel |
| Sprache: | Slowakisch |
| Schlagworte: | |
| Tags: |
Keine Tags, Fügen Sie das erste Tag hinzu!
|
MARC
| LEADER | 00000naa a2200000 4500 | ||
|---|---|---|---|
| 001 | r045821 | ||
| 005 | 20230921114042.3 | ||
| 041 | 0 | |a slo | |
| 044 | |a SK | ||
| 245 | 1 | 0 | |a Slovensko je od začiatku júla členom Európskej patentovej organizácie |c Juraj Pistovič |
| 520 | |a Nový zákon o Úrade priemyselného vlastníctva SR si počká na nový parlament. Zákon sa v súčasnosti nachádza v legislatívnom procese. Fungovanie na princípe samofinancovania. Kľúčom k efektívnosti je stupeň nezávislosti patentového úradu. Európska skupina ochrancov patentov. Priemyselnoprávna ochrana. | ||
| 610 | 2 | 0 | |a patenty |
| 610 | 2 | 0 | |a Úrad priemyselného vlastníctva SR Banská Bystrica |
| 610 | 2 | 0 | |a vlastníctvo priemyselné |
| 610 | 2 | 0 | |a ochrana práv priemyselných |
| 610 | 2 | 0 | |a zákony |
| 610 | 2 | 0 | |a legislatíva |
| 610 | 2 | 0 | |a Slovensko |
| 610 | 2 | 0 | |a Európska únia |
| 610 | 2 | 0 | |a samofinancovanie |
| 100 | 1 | |a Pistovič, Juraj | |